| 000 | 00000nas##2200000za#4500 |
| 001 | 9.503356 |
| 003 | CaOODSP |
| 005 | 20200325093024 |
| 007 | cr ||||||||||| |
| 008 | 150406c1999||||xxc|| p o||||f| |0fre|d |
| 022 | |a1701-3372 |
| 040 | |aCaOODSP|bfre |
| 043 | |an-cn--- |
| 086 | 1 |aFs1-79F-PDF |
| 110 | 1 |aCanada. |bMinistère des pêches et des océans. |
| 245 | 10|aPlan de revitalisation des pêches canadiennes du Pacifique, rapport d'avancement de la ... / |h[ressource électronique]|c[En collaboration avec] Développement des resources humaines Canada, Diversification de l'économie de l'Ouest Canada et Affaires indiennes et du Nord Canada. |
| 246 | 1 |aPlan d'adaptation et de restructuration des pêches du Pacifique |
| 260 | |aVancouver - Colombie Britannique : |bPêches et Océans Canada |
| 310 | |aAnnuel |
| 362 | 1 |a[Première année (juin 1998/juillet 1999)]-- |
| 691 | 07|aGestion des pêches|2gcpds |
| 691 | 07|aPêcheries|2gcpds |
| 775 | 08|tA plan to revitalize Canada's Pacific fisheries, progress report for ... / |w(CaOODSP)9.506961 |